| 000 | 01949nam0a2200373 4500 | ||
|---|---|---|---|
| 001 | RU\NLR\BIBL_A\012236504 | ||
| 005 | 20260407175511.0 | ||
| 010 |
_dБ.ц. _9500 |
||
| 021 |
_aRU _b48-32647 |
||
| 035 | _a(NLR Aleph) 012236504 | ||
| 090 |
_a11012374 _c11012373 |
||
| 100 | _a20200304d1941 m y0rusy50 ca | ||
| 101 | 0 | _arus | |
| 102 | _aRU | ||
| 105 | _ay mk |||c| | ||
| 181 | 0 |
_ai _baxxe |
|
| 182 | 0 | _an | |
| 200 | 1 |
_aЗа родину, за Сталина! _eТурксибовцы на фронтах Отечественной войны _e[сборник очерков] |
|
| 203 |
_aТекст _bвизуальный _cнепосредственный |
||
| 210 |
_aАлма-Ата _cДорожный дом техники и газета "Турксиб" _d1941 _gтипография издательства "Турксиб" |
||
| 215 |
_a89 с. _d18 |
||
| 517 | 1 | _aТурксибовцы на фронтах Отечественной войны | |
| 601 | 0 | 2 |
_aТуркестано-Сибирская железная дорога _jОчерки _91038436 _3RU\NLR\AUTH\66399486 |
| 606 | 1 |
_aЖелезнодорожники в Великой Отечественной войне _jОчерки _91045015 _3RU\NLR\AUTH\66403041 |
|
| 606 | 1 |
_aКазахи в Великой Отечественной войне _jОчерки _xХудожественная литература _z1941 - 1945 _91242285 _3RU\NLR\AUTH\66507669 |
|
| 686 | 1 | _aЦ35(2)722-61я9 | |
| 712 | 0 | 2 |
_4475 _a"Турксиб", газета _cАлма-Ата _3RU\NLR\AUTH\889979165 _9454774 |
| 712 | 0 | 2 |
_4475 _aТуркестано-Сибирская железная дорога _bДом техники _3RU\NLR\AUTH\8810113435 _9726420 |
| 852 |
_aNLR _jИр50 Г4/1114 |
||
| 942 | _cBOOK | ||
| 945 | _aРоссийская национальная библиотека | ||
| 980 | _aNB | ||
| 980 | _aBV | ||